MDQL
is popping MORE tags! Check the
thread
!
Quizzes
Events
Quiz Creation
Community
Videos
Private Events
Remove Ads
Sign In
Join for FREE
Feedback
Dark Mode
Quiz Categories
Sports
Geography
Music
Movies
Television
Just For Fun
Miscellaneous
History
Literature
Language
Science
Gaming
Entertainment
Religion
Holiday
For Kids
Quiz Lab
Recent
Popular Today
Quiz Kudos Today
Editor Picks
Curator Picks
Quizzes by...
Day
Popularity
Type
Ratings
Length
Year
Community
Subscriptions
Recent Discussions
Orange Saloon
Badges
Playlists
Quests
Create
Leaderboards
Showdown
Live 5
Trivia Bingo
Activity
Puzzle Library
Sporcle Events
Private Events
Virtual Trivia
Globe League
Become a Host
Pub Owners
SporcleCon
Opinionation
Our Games
Videos
Blog
Mobile Apps
Partnerships
Remove Ads and Go Orange
Feedback
Miscellaneous
Crossword
General Knowledge
Baby Names
Logo
Food
Cars
Numbers
Grab Bag
University
College
Popular
Company
Slogans
Restaurants
Justice
Letter
Miscellaneous
Crossword
General Knowledge
Baby Names
Logo
Food
Cars
Numbers
Grab Bag
University
College
Popular
Company
Slogans
Restaurants
Justice
Letter
Random Quiz
Search Sporcle
×
Quiz Lab
Quiz Lab
Miscellaneous
United Nations
Type in answers that appear in a list
Type in answers that appear in a list
Classic
Best Score? Go Orange.
UDHR Article 1 Stats
Can you name the words that appear in article 1 of the Universal Declaration of Human Rights?
By
zektong
4m
30 Questions
135 Plays
135 Plays
135 Plays
Comments
Comments
Give Quiz Kudos
Give Quiz Kudos
-
- Ratings
hide this ad
Replay
Link that replays current quiz
Next Quiz
Link to next quiz in quiz playlist
You Got
0%
They Got
Avg Score
54%
Avg Friend Score
Upgrade to see
Score Distribution
Jump to the score distribution portion of the page
Score
0/30
Timer
04:00
0
Plays Today
% Correct
equal
82.2%
and
80.7%
and
80.7%
and
80.7%
and
80.7%
a
80.7%
born
77%
human
77%
free
77%
rights.
71.9%
All
65.2%
are
60%
are
60%
in
52.6%
in
52.6%
% Correct
dignity
51.9%
beings
51.1%
with
40.7%
of
39.3%
brotherhood.
39.3%
They
37.8%
reason
36.3%
spirit
35.6%
endowed
35.6%
conscience
34.8%
act
34.1%
should
31.9%
towards
30.4%
another
29.6%
one
29.6%
Quiz Playlist
Details
Report
Send in Message
Add To Playlist
Classic:
Type in answers that appear in a list
Last Updated: Feb 16, 2017
Quiz Scoreboard
CHALLENGE
Sign Up to Join the Scoreboard
Show All
Scores
Hide
Comments
May contain spoilers
Recently Published
Find the 'City' Movie
by crazypaving
Movies
60s
5x2 Blitz: Bands
by SL_Kpop136
Music
30s
Colored Red Africa Blitz
by spor1
Geography
30s
More to Explore
Quiz From the Vault
Featured Blog Post
14 Easter Pick-up Lines to Find Eggs With
hide this ad
You Might Also Like...
Tags
article
declaration
Human
Humanity
Human Rights
United Nations
Universal
Today's Top Quizzes in Miscellaneous
Browse Miscellaneous
hide this ad
Today's Top Quizzes in United Nations
Browse United Nations
Top Contributed Quizzes in Miscellaneous
1
5-to-1: Fast Food
2
9x9 Crossword: Disney Movie Titles
3
9x9 Crossword: Charlie and the Chocolate Factory
4
The JOE quick-fire general knowledge quiz: Day 174
5
9x9 Crossword: Nickelodeon
6
9x9 Crossword: Flags
7
9x9 Crossword: Pixar Movie Titles
8
9x9 Crossword: 2022 Movies
9
9x9 Crossword: Halloween
10
9x9 Crossword: Actors
Explore More
Trending Topics
Crossword
Marvel
Kpop
Disney
Anime
Harry Potter
NBA
Country
Puzzle
The Office
WWE
NFL
Song
Pokémon
Soccer
hide this ad
More By:
zektong
Quiz
Plays
Rating
Category
Featured
Created
Martin Luther King Jr. or Malcolm X?
3,701
4.50
History
Apr 11, 2012
'An Idiot Abroad' Countries
1,240
4.60
Television
Dec 22, 2011
Islamic Denominations
250
Religion
Jan 1, 2012
Chandler Bing's Job
226
3.20
Television
Apr 16, 2012
Neglected Tropical Diseases
167
5.00
Science
Sep 30, 2014
Go to Creator's Profile
Score Distribution
Quiz Creator Spotlight
zektong
Follow
Send a Message
Quizzes Created
-
Created Quiz Play Count
-
More By This Creator
Popular Quizzes Today
1
Colored Red Africa Blitz
2
Find the 'City' Movie
3
5x2 Blitz: Bands
4
Find the US States - No Outlines Minefield
5
The Countries of the World
6
Find the US States
7
US States
8
9x9 Crossword: Cartoon Network
More Miscellaneous Quizzes
Mixed Question Medley
Curator's Pick
Trending Quizzes
Colored Red Europe Blitz I
Colored Red Africa Blitz II
Colored Red Europe Blitz II
Colored Red Europe Blitz III
Colored Red Africa Blitz III
Recently Updated
Famous TV Couples
Peacemaker
Champions League XIs: Real Madrid
pecheneg
Largest US Cities 1790-2010
pecheneg
Rides in Walt Disney World
pecheneg
Most Oscar Losses (Acting)
pecheneg
Beyoncé Albums
pecheneg
Leaping Animals
pecheneg
Reality TV Shows (A-Z)
bhenderson79
Rickey Henderson's Hall of Fame Teammates
pecheneg
Champions League XIs: Arsenal
pecheneg
Trending Topics
Marvel
Disney
Kpop
NBA
Crossword
Harry Potter
Anime
Pokémon
The Office
NFL
Song
Country
WWE
Soccer
Puzzle
Your Account Isn't Verified!
In order to create a playlist on Sporcle, you need to verify the email address you used during registration. Go to your
Sporcle Settings
to finish the process.
Report this User
Report this user for behavior that violates our
Community Guidelines
.
Details:
Send Report
Go to the Sporcle.com Mobile Site →
Comments